Najpopularniejsze języki na Wikipedii - Statystyki

Ogólne statystyki
  • Ten quiz został rozwiązany 102 razy
  • Średni wynik to 30 z 52
Statystyki odpowiedzi
Język % Poprawnych
Angielski
100%
Uproszczony Angielski
100%
Polski
99%
Hiszpański
96%
Niemiecki
96%
Chiński
94%
Chiński (Min Nan)
94%
Rosyjski
94%
Francuski
93%
Japoński
84%
Portugalski
84%
Ukraiński
81%
Włoski
80%
Czeski
78%
Arabski
75%
Norweski (Bokmål)
74%
Norweski (Nynorsk)
74%
Koreański
69%
Grecki
67%
Rumuński
67%
Słowacki
67%
Szwedzki
67%
Chorwacki
66%
Fiński
66%
Turecki
66%
Duński
65%
Węgierski
61%
Serbski
60%
Bułgarski
56%
Litewski
56%
Estoński
55%
Słoweński
55%
Niderlandzki
54%
Albański
53%
Łotewski
51%
Wietnamski
45%
Irlandzki
42%
Macedoński
41%
Bośniacki
40%
Tajski
38%
Indonezyjski
34%
Hebrajski
33%
Perski
32%
Bengalski
31%
Malajski
27%
Kataloński
25%
Esperanto
19%
Baskijski
9%
Serbsko-Chorwacki
7%
Galicyjski
5%
Malajalam
4%
Asturyjski
1%
Nie znaleziono quizów pasujących do podanych kryteriów
Rozkład punktacji
Procent ludzi z każdym wynikiem
Percentyl według liczby udzielonych odpowiedzi
Twoja historia wyników
Nie rozwiązałeś tego quizu